000 00429nam a2200121 4500
999 _c15180
_d15180
008 200305b ||||| |||| 00| 0 eng d
100 _941940
_aTorregoza, Hannah L.
_eAuthor.
245 _aHelp protect ozone layer, address climate change, filipinos urged/
_cHannah L. Torregoza.
260 _aPhilippines;
_bManila Bulletin,
_c©2019.
300 _apage 9;
_c29.5cm.
650 _aEnvironmental protection.
_941941
942 _2ddc
_cPER